[Event "DLM 2010"]
[Site "Stuttgart GER"]
[Date "2010.11.17"]
[Round "2"]
[White "Stitterich, Nadine"]
[Black "Takeuchi, Eiki"]
[Result "1/2-1/2"]
[Termination "normal"]
[Board "3.4"]
[WhiteElo "2000"]
[BlackElo "1885"]
[WhiteTeam "Württemberg 2"]
[BlackTeam "Nordrhein-Westfalen"]
[WhiteFideId "24676527"]
[BlackFideId "24663751"]
[EventCountry "GER"]
[EventRounds "7"]
[EventType "team-swiss"]
[EventDate "2010.11.16"]

1. e4 c5 2. Nf3 d6 3. d4 cxd4 4. Nxd4 Nf6 5. Nc3 a6 6. Be2 e5 7. Nb3 Be7 8. O-O
O-O 9. Kh1 Be6 10. f4 exf4 11. Bxf4 Nc6 12. Qe1 Ne5 13. Qg3 Qc7 14. Rad1 Rfd8
15. Nd4 Bd7 16. Bg5 Ng6 17. Bxf6 Bxf6 18. Nd5 Qa5 19. Nxf6+ gxf6 20. Bc4 Qe5
21. Qf2 Bg4 22. Rd2 Qxe4 23. Qxf6 d5 24. Bd3 Qe7 25. Qf2 Re8 26. Bf5 Bxf5 27.
Nxf5 Qe6 28. Nh6+ Kg7 29. Nf5+ Kg8 30. Rfd1 Rad8 31. h3 b5 32. Rf1 Rc8 33. Nh6+
Kg7 34. Ng4 Rc4 35. Qg3 f5 36. Nh2 f4 37. Qf2 Qe3 38. Rxd5 Qxf2 39. Rxf2 Re1+
40. Nf1 Ra1 41. a3 Ra2 42. Rd7+ Kh6 43. Nh2 Rxb2 44. Ng4+ Kg5 45. Rxh7 Rcxc2
46. Rxc2 Rxc2 47. Ra7 Kh4 48. Kh2 f3 49. Ne3 Re2 50. Nd1 Rxg2+ 51. Kh1 Rd2 52.
Ne3 Kxh3 53. Rh7+ Nh4 54. Kg1 f2+ 55. Kf1 Kg3 56. Rf7 Ra2 57. Nd1 Ra1 58. Ke2
Rxa3 59. Nxf2 Ra2+ 60. Kf1 b4 61. Ne4+ Kg4 62. Nc5 Nf3 63. Rb7 a5 64. Nd3 Rd2
65. Nxb4 axb4 66. Rxb4+ Kg3 67. Rg4+ Kh3 68. Rg3+ 1/2-1/2

[Event "DLM 2010"]
[Site "Stuttgart GER"]
[Date "2010.11.17"]
[Round "2"]
[White "Kuckling, Hannah"]
[Black "Gibicar, Danijel"]
[Result "0-1"]
[Termination "normal"]
[Board "3.5"]
[WhiteElo "1610"]
[BlackElo "1992"]
[WhiteTeam "Nordrhein-Westfalen"]
[BlackTeam "Württemberg 2"]
[WhiteFideId "24603660"]
[BlackFideId "24660256"]
[EventCountry "GER"]
[EventRounds "7"]
[EventType "team-swiss"]
[EventDate "2010.11.16"]

1. e4 e6 2. d4 d5 3. Nd2 Be7 4. c3 Nf6 5. e5 Nfd7 6. Bd3 c5 7. Ne2 b6 8. O-O
Ba6 9. Nf3 Bxd3 10. Qxd3 O-O 11. Be3 Nc6 12. Rfd1 Rc8 13. Rac1 c4 14. Qd2 b5
15. Bg5 a5 16. Bxe7 Qxe7 17. a3 Ra8 18. Ra1 Rfb8 19. Rdb1 b4 20. axb4 axb4 21.
Qd1 Nb6 22. Rxa8 Rxa8 23. Ra1 Qb7 24. Ne1 b3 25. f4 Rxa1 26. Qxa1 Qa7 27. Qxa7
Nxa7 28. Nf3 Na4 29. Nd2 Nxb2 30. Kf1 Nb5 31. Nb1 Nd1 32. Ke1 Ne3 33. g3 Nc2+
34. Kd2 Nca3 35. Kc1 Nxb1 36. Kxb1 Na3+ 37. Kb2 Nc2 38. Ng1 Ne1 39. Kb1 Nd3 40.
Ne2 h5 41. Nc1 Nxc1 42. Kxc1 Kh7 43. h3 h4 44. g4 g5 45. f5 exf5 46. gxf5 Kg7
0-1

[Event "DLM 2010"]
[Site "Stuttgart GER"]
[Date "2010.11.17"]
[Round "2"]
[White "Zeller, Elisa"]
[Black "Rempe, Moritz"]
[Result "1-0"]
[Termination "normal"]
[Board "3.6"]
[WhiteElo "1770"]
[BlackElo "1748"]
[WhiteTeam "Württemberg 2"]
[BlackTeam "Nordrhein-Westfalen"]
[WhiteFideId "24662410"]
[BlackFideId "12906867"]
[EventCountry "GER"]
[EventRounds "7"]
[EventType "team-swiss"]
[EventDate "2010.11.16"]

1. e4 c5 2. Nf3 Nc6 3. d4 cxd4 4. Nxd4 g6 5. c4 Bg7 6. Be3 Nf6 7. Nc3 O-O 8.
Be2 d6 9. O-O a5 10. Rc1 Nd7 11. b3 Nc5 12. Bf3 Bd7 13. Nxc6 Bxc6 14. Qe2 Rb8
15. Rfd1 b6 16. Bf4 Ne6 17. Be3 Nc5 18. Bd4 Bxd4 19. Rxd4 Ne6 20. Rd2 Ng5 21.
Bg4 h5 22. h4 Nxe4 23. Nxe4 hxg4 24. Qxg4 Qd7 25. Qxd7 Bxd7 26. Rxd6 Bf5 27.
Rd4 e5 28. Nf6+ Kg7 29. Rd6 Rfd8 30. Rcd1 Rxd6 31. Rxd6 Bb1 32. a3 Ba2 33. Nd5
b5 34. cxb5 Rxb5 35. Nc3 Rxb3 36. Nxa2 Rxa3 37. Rd2 a4 38. Kf1 Kf6 39. Ke2 Ke6
40. Nc1 f5 41. Nd3 Ra1 42. Nb4 f4 43. Ra2 Rh1 44. Rxa4 Rxh4 45. Ra6+ Kf5 46. f3
g5 47. Ra5 g4 48. Nd3 Rh2 49. Rxe5+ Kf6 50. Kf2 g3+ 51. Kg1 Rh8 52. Re4 Ra8 53.
Rxf4+ Ke6 54. Re4+ Kd5 55. Nf4+ Kc5 56. Re1 Kd4 57. Ne2+ Kd3 58. Nxg3 Kd2 59.
Re4 Ra1+ 60. Kh2 Ra8 61. Rh4 Ke3 62. Nf5+ Kf2 63. Kh3 Rg8 64. Rg4 Rh8+ 65. Nh4
Ra8 66. Rg5 Ra4 67. Re5 Ra1 68. Kg4 Ra8 69. f4 Rg8+ 70. Rg5 Ra8 71. f5 Ra4+ 72.
Kh5 Ra8 73. Rg6 Ke3 74. g4 Kf4 75. g5 Rh8+ 76. Rh6 Rg8 77. Ng6+ Kg3 78. f6 Ra8
79. f7 1-0

[Event "DLM 2010"]
[Site "Stuttgart GER"]
[Date "2010.11.17"]
[Round "2"]
[White "Gaßmann, Linda"]
[Black "Reksten, Anne"]
[Result "1-0"]
[Termination "normal"]
[Board "3.8"]
[WhiteElo "1821"]
[BlackElo "1407"]
[WhiteTeam "Württemberg 2"]
[BlackTeam "Nordrhein-Westfalen"]
[WhiteFideId "12900451"]
[BlackFideId "24692778"]
[EventCountry "GER"]
[EventRounds "7"]
[EventType "team-swiss"]
[EventDate "2010.11.16"]

1. e4 c6 2. d4 d5 3. exd5 cxd5 4. Nc3 Nf6 5. Nf3 Nc6 6. Bf4 Bf5 7. a3 a6 8. Be2
e6 9. O-O Be7 10. Re1 b5 11. b4 Rc8 12. Na2 O-O 13. Bd3 Bxd3 14. Qxd3 Bd6 15.
Bg5 Be7 16. Bf4 h6 17. Re2 Bd6 18. Bxd6 Qxd6 19. Ne5 Kh8 20. Rae1 Ng8 21. Nc1
Nge7 22. Nxc6 Rxc6 23. Nb3 Nf5 24. Nc5 Qf4 25. c3 Nd6 26. Re3 Kg8 27. Rf3 Qg5
28. Qc2 Qe7 29. Rg3 Kh8 30. Qe2 Rfc8 31. Qg4 Nf5 32. Qxf5 Re8 33. Qg4 g6 34.
Qf4 Kg7 35. Qe5+ f6 36. Qh5 Qf7 37. Ree3 Kh7 38. Qf3 g5 39. Qe2 Qg6 40. Qd3 f5
41. Re5 h5 42. h4 g4 43. f3 f4 44. Rxh5+ 1-0

[Event "DLM 2010"]
[Site "Stuttgart GER"]
[Date "2010.11.17"]
[Round "2"]
[White "Seifert, Christopher"]
[Black "Weber, Max"]
[Result "1/2-1/2"]
[Termination "normal"]
[Board "4.1"]
[WhiteElo "2217"]
[BlackElo "2004"]
[WhiteTeam "Hessen 2"]
[BlackTeam "Mecklenburg-Vorpommern"]
[WhiteFideId "24615293"]
[BlackFideId "4624831"]
[EventCountry "GER"]
[EventRounds "7"]
[EventType "team-swiss"]
[EventDate "2010.11.16"]

1. c4 Nf6 2. g3 d5 3. cxd5 Nxd5 4. Bg2 Nb6 5. Nc3 g6 6. Nf3 Bg7 7. O-O Nc6 8.
a3 O-O 9. b4 e5 10. Rb1 Nd4 11. d3 c6 12. Nd2 Be6 13. Nde4 Nd5 14. Bb2 Nxc3 15.
Bxc3 Bd5 16. e3 Ne6 17. Qe2 f5 18. Rfd1 Qe7 19. b5 Rfd8 20. Rdc1 cxb5 21. Nd2
Bxg2 22. Kxg2 Qd7 23. Nf3 Qxd3 24. Qxd3 Rxd3 25. Bxe5 Bxe5 26. Nxe5 Rxa3 27.
Rxb5 b6 28. Rc6 Nc5 29. Rc7 Ra2 30. Nc6 Ne4 31. Re5 Nf6 32. Ree7 Re8 33. Rg7+
Kh8 34. Rgf7 Ng4 35. Rxh7+ Kg8 36. Rhg7+ Kh8 37. Rh7+ Kg8 38. Rcg7+ Kf8 39.
Rf7+ Kg8 40. Rfg7+ Kf8 41. Ne7 Rxf2+ 42. Kg1 Rxe7 43. Rxe7 Rxh2 44. Rxa7 Rxh7
45. Rxh7 Nxe3 46. Kf2 Nd5 47. Kf3 Ke8 48. Rg7 b5 49. Rxg6 Ke7 50. Ke2 f4 51.
Rg5 Ke6 52. g4 b4 53. Rg8 Nf6 54. Rg7 Ke5 55. Kf3 Nxg4 56. Kxg4 Kd4 57. Kxf4 b3
58. Rb7 Kc3 59. Ke3 b2 60. Rc7+ Kb3 1/2-1/2

[Event "DLM 2010"]
[Site "Stuttgart GER"]
[Date "2010.11.17"]
[Round "2"]
[White "Lehmann, Ruben"]
[Black "Aslan, Benjamin"]
[Result "1-0"]
[Termination "normal"]
[Board "4.2"]
[WhiteElo "1892"]
[BlackElo "2105"]
[WhiteTeam "Mecklenburg-Vorpommern"]
[BlackTeam "Hessen 2"]
[WhiteFideId "24671177"]
[BlackFideId "24640298"]
[EventCountry "GER"]
[EventRounds "7"]
[EventType "team-swiss"]
[EventDate "2010.11.16"]

1. d4 Nf6 2. Nf3 e6 3. Nbd2 c5 4. e3 Be7 5. Bd3 b6 6. O-O O-O 7. c3 Ba6 8. Bxa6
Nxa6 9. e4 d5 10. exd5 Qxd5 11. Re1 Rfd8 12. Qe2 Nb8 13. c4 Qd7 14. d5 Ne8 15.
dxe6 Qxe6 16. Qxe6 fxe6 17. Rxe6 Bf6 18. Re1 Nd6 19. Rb1 Nc6 20. a3 Rab8 21. b4
Bc3 22. bxc5 bxc5 23. Rxb8 Rxb8 24. Re3 Bf6 25. Kf1 Na5 26. Ne5 Nf5 27. Re1 Rd8
28. f4 Nd4 29. Ng4 Kf7 30. Nxf6 gxf6 31. a4 Nc2 32. Re2 Rd4 33. Re4 Nxc4 34.
Nxc4 Rd1+ 35. Ke2 Rxc1 36. Kd2 Rg1 37. Kxc2 Rxg2+ 38. Kd3 Rxh2 39. Nd6+ Kg6 40.
Kc4 Rc2+ 41. Kd5 h5 42. f5+ Kg5 43. Ke6 h4 44. Nf7+ Kh5 45. Kxf6 Rg2 46. Ne5
Rb2 47. a5 Rb4 48. Re1 h3 49. Rg1 Rh4 50. Rg8 1-0

[Event "DLM 2010"]
[Site "Stuttgart GER"]
[Date "2010.11.17"]
[Round "2"]
[White "Valet, Alexander"]
[Black "Galkin, Wladislaw"]
[Result "0-1"]
[Termination "normal"]
[Board "4.4"]
[WhiteElo "1926"]
[BlackElo "1924"]
[WhiteTeam "Mecklenburg-Vorpommern"]
[BlackTeam "Hessen 2"]
[WhiteFideId "24682560"]
[BlackFideId "4603192"]
[EventCountry "GER"]
[EventRounds "7"]
[EventType "team-swiss"]
[EventDate "2010.11.16"]

1. e4 e5 2. Nf3 Nc6 3. d4 exd4 4. Nxd4 Nf6 5. Nc3 Bb4 6. Nxc6 bxc6 7. Bd3 O-O
8. O-O d5 9. exd5 cxd5 10. Bg5 c6 11. Qf3 Bd6 12. Ne2 Rb8 13. b3 Be5 14. Rae1
Qc7 15. h3 Bd7 16. Bf5 Bxf5 17. Qxf5 Ne4 18. Be3 g6 19. Qg5 f5 20. Qh4 Rf7 21.
Rd1 f4 22. Bd4 f3 23. Bxe5 Qxe5 24. Ng3 Rf4 25. Qh6 fxg2 26. Rfe1 Rbf8 27. Nxe4
Rxe4 28. Qd2 Rf3 29. Kxg2 Qf5 30. Rxe4 Qxh3+ 31. Kg1 dxe4 32. Qg5 Qe6 33. Rd8+
Kg7 34. Ra8 Rf7 35. Qd8 Qg4+ 36. Kf1 Qh3+ 37. Ke1 Qh1+ 38. Kd2 Rxf2+ 39. Kc3
Qa1+ 40. Kb4 c5+ 41. Kb5 a6+ 42. Rxa6 Rf7 43. Kxc5 Qc3+ 44. Kb5 Rb7+ 45. Rb6
Qe5+ 46. Kb4 Qe7+ 47. Qxe7+ Rxe7 48. Rd6 e3 49. Rd1 e2 50. Re1 h5 51. a4 h4 52.
a5 h3 53. a6 h2 54. Kb5 g5 55. Kb6 g4 56. a7 Rxa7 57. Kxa7 g3 0-1

[Event "DLM 2010"]
[Site "Stuttgart GER"]
[Date "2010.11.17"]
[Round "2"]
[White "Baskin, Robert"]
[Black "Rogasch, Miriam"]
[Result "1/2-1/2"]
[Termination "normal"]
[Board "4.5"]
[WhiteElo "1870"]
[BlackElo "1803"]
[WhiteTeam "Hessen 2"]
[BlackTeam "Mecklenburg-Vorpommern"]
[WhiteFideId "24662402"]
[BlackFideId "4616324"]
[EventCountry "GER"]
[EventRounds "7"]
[EventType "team-swiss"]
[EventDate "2010.11.16"]

1. e4 e5 2. Nf3 Nc6 3. Bb5 a6 4. Ba4 Nf6 5. d3 Be7 6. O-O b5 7. Bb3 O-O 8. c3
d6 9. h3 Na5 10. Bc2 c5 11. d4 Qc7 12. d5 Bd7 13. Re1 c4 14. Nbd2 Nb7 15. Nf1
Nc5 16. Ng3 Qb7 17. Be3 Rac8 18. b4 Na4 19. Bxa4 bxa4 20. Nh2 Ne8 21. Qf3 g6
22. Ng4 f5 23. exf5 gxf5 24. Nh6+ Kh8 25. Nh5 f4 26. Bxf4 Nf6 27. Bxe5 dxe5 28.
Rxe5 Bd6 29. Rg5 Bg4 30. hxg4 Nxh5 31. Rf5 Nf4 32. g3 Qg7 33. Rxf8+ Rxf8 34.
Nf5 Nh3+ 35. Kg2 Nf4+ 36. Kf1 Nd3 37. Qxd3 cxd3 38. Nxg7 Kxg7 39. Rd1 Bxg3 40.
Kg2 Bxf2 41. Rxd3 Be1 42. d6 Rf2+ 43. Kh3 Rd2 44. Re3 Rd1 45. a3 Rxd6 46. Rxe1
Rd3+ 47. Kg2 Rxc3 48. Re6 Rxa3 49. Rxa6 Ra2+ 50. Kf1 a3 51. b5 Rb2 52. Rxa3
Rxb5 53. Kg2 1/2-1/2

[Event "DLM 2010"]
[Site "Stuttgart GER"]
[Date "2010.11.17"]
[Round "2"]
[White "Schmekel, Florian"]
[Black "Sancar, Alina"]
[Result "0-1"]
[Termination "normal"]
[Board "4.6"]
[WhiteElo "1561"]
[BlackElo "1793"]
[WhiteTeam "Mecklenburg-Vorpommern"]
[BlackTeam "Hessen 2"]
[WhiteFideId "12913456"]
[BlackFideId "4624750"]
[EventCountry "GER"]
[EventRounds "7"]
[EventType "team-swiss"]
[EventDate "2010.11.16"]

1. d4 Nf6 2. c4 g6 3. Nc3 Bg7 4. e4 d6 5. Be2 O-O 6. Bg5 c6 7. Qd2 e5 8. Nf3
Nbd7 9. d5 cxd5 10. cxd5 a6 11. h4 Qa5 12. Bh6 Nc5 13. Bxg7 Kxg7 14. a3 Nb3 15.
Qd1 Nxa1 16. Qxa1 b5 17. b4 Qb6 18. Qc1 Bg4 19. Ng1 Rfc8 20. Bxg4 Nxg4 21. Qd2
Qxf2+ 22. Qxf2 Nxf2 23. Kxf2 Rxc3 24. Ne2 Rc2 25. Ra1 Rac8 26. Ke3 Rb2 27. Kd3
Rcc2 28. Re1 Rd2+ 29. Ke3 f5 30. g3 Rdc2 31. Nc1 Rc3+ 32. Nd3 f4+ 33. gxf4
exf4+ 34. Kxf4 Rxd3 35. e5 Rd4+ 36. Kf3 Rb3+ 37. Kg2 dxe5 38. Re2 Rxd5 39. Rc2
Rxa3 0-1

[Event "DLM 2010"]
[Site "Stuttgart GER"]
[Date "2010.11.17"]
[Round "2"]
[White "Brandl, Lea"]
[Black "Schumann, Rabea"]
[Result "1-0"]
[Termination "normal"]
[Board "4.7"]
[WhiteElo "1542"]
[BlackElo "1128"]
[WhiteTeam "Hessen 2"]
[BlackTeam "Mecklenburg-Vorpommern"]
[WhiteFideId "24693049"]
[BlackFideId "12918199"]
[EventCountry "GER"]
[EventRounds "7"]
[EventType "team-swiss"]
[EventDate "2010.11.16"]

1. d4 Nf6 2. c4 g6 3. Nc3 Bg7 4. e4 d6 5. Nf3 O-O 6. Be2 Nbd7 7. O-O e5 8. d5
Nc5 9. Nd2 a5 10. b3 Nfd7 11. a3 f5 12. Rb1 Nf6 13. f3 f4 14. b4 axb4 15. axb4
Ncd7 16. Nb3 g5 17. c5 dxc5 18. bxc5 h5 19. c6 Nb6 20. cxb7 Bxb7 21. Nc5 Bc8
22. Ne6 Bxe6 23. dxe6 Qe7 24. Nd5 Nbxd5 25. exd5 Rad8 26. Bd3 Rfe8 27. Qb3 Qc5+
28. Kh1 Nxd5 29. e7 Rxe7 30. Ba3 Qc6 31. Bxe7 1-0

[Event "DLM 2010"]
[Site "Stuttgart GER"]
[Date "2010.11.17"]
[Round "2"]
[White "Sadewasser, Lucie"]
[Black "Liez, Franziska"]
[Result "0-1"]
[Termination "normal"]
[Board "4.8"]
[WhiteElo "1279"]
[BlackElo "1506"]
[WhiteTeam "Mecklenburg-Vorpommern"]
[BlackTeam "Hessen 2"]
[WhiteFideId "12905445"]
[BlackFideId "1271766"]
[EventCountry "GER"]
[EventRounds "7"]
[EventType "team-swiss"]
[EventDate "2010.11.16"]

1. e4 e5 2. Nf3 Nc6 3. Nc3 Nf6 4. d4 Bb4 5. d5 Ne7 6. Bd3 Ng6 7. Bd2 O-O 8. a3
Bxc3 9. Bxc3 d6 10. Bd2 Bd7 11. O-O Qe7 12. h3 Nh5 13. Re1 Nhf4 14. Bxf4 Nxf4
15. Bf1 f5 16. Kh2 Qf6 17. g3 fxe4 18. gxf4 Qxf4+ 19. Kg1 exf3 20. Re3 Rf6 21.
Kh1 Raf8 0-1

[Event "DLM 2010"]
[Site "Stuttgart GER"]
[Date "2010.11.17"]
[Round "2"]
[White "Wild, Achim"]
[Black "Colpe, Malte"]
[Result "1/2-1/2"]
[Termination "normal"]
[Board "5.1"]
[WhiteElo "2089"]
[BlackElo "2228"]
[WhiteTeam "Saarland"]
[BlackTeam "Hamburg"]
[WhiteFideId "4658728"]
[BlackFideId "24623075"]
[EventCountry "GER"]
[EventRounds "7"]
[EventType "team-swiss"]
[EventDate "2010.11.16"]

1. e4 d6 2. d4 Nf6 3. Nc3 e5 4. Nf3 Nbd7 5. Bc4 Be7 6. O-O O-O 7. Re1 c6 8. a4
a5 9. h3 Nb6 10. Bf1 Nfd7 11. b3 exd4 12. Nxd4 Nc5 13. Bb2 Bf6 14. g3 g6 15.
Bg2 1/2-1/2

[Event "DLM 2010"]
[Site "Stuttgart GER"]
[Date "2010.11.17"]
[Round "2"]
[White "Borgmeyer, Max"]
[Black "Müller, Denis"]
[Result "1/2-1/2"]
[Termination "normal"]
[Board "5.2"]
[WhiteElo "2170"]
[BlackElo "1959"]
[WhiteTeam "Hamburg"]
[BlackTeam "Saarland"]
[WhiteFideId "24615870"]
[BlackFideId "4696140"]
[EventCountry "GER"]
[EventRounds "7"]
[EventType "team-swiss"]
[EventDate "2010.11.16"]

1. e4 c5 2. Nf3 d6 3. d4 cxd4 4. Nxd4 Nf6 5. Nc3 a6 6. Be3 Ng4 7. Bc4 Nxe3 8.
fxe3 e6 9. Qf3 Nc6 10. Nxc6 bxc6 11. Rf1 Qf6 12. Qxf6 gxf6 13. Rxf6 Bg7 14. Rf2
Rb8 15. Kd2 Be5 16. Raf1 f6 17. g3 Ke7 18. b3 h5 19. Ne2 h4 20. Nf4 Rh6 21.
gxh4 Bd7 22. Rg1 d5 23. exd5 cxd5 24. Bxa6 Ra8 25. Be2 Rxa2 26. h5 Bd6 27. Rg7+
Kd8 28. Nd3 Be8 29. Rg8 Ke7 30. Rfg2 Bf7 31. R8g4 Rxh5 32. Nf4 Rh6 33. Rg7 Kf8
34. Bf3 Ke8 35. Kd3 Ra5 36. c4 dxc4+ 37. bxc4 Ra3+ 38. Ke2 Bc5 39. Bc6+ Kf8 40.
R7g3 1/2-1/2

[Event "DLM 2010"]
[Site "Stuttgart GER"]
[Date "2010.11.17"]
[Round "2"]
[White "Frischmann, Rick"]
[Black "Müller, Tobias"]
[Result "1/2-1/2"]
[Termination "normal"]
[Board "5.3"]
[WhiteElo "1906"]
[BlackElo "2064"]
[WhiteTeam "Saarland"]
[BlackTeam "Hamburg"]
[WhiteFideId "24660752"]
[BlackFideId "24643394"]
[EventCountry "GER"]
[EventRounds "7"]
[EventType "team-swiss"]
[EventDate "2010.11.16"]

1. e4 c5 2. d4 cxd4 3. c3 d5 4. exd5 Qxd5 5. cxd4 Nf6 6. Nc3 Qd8 7. Bc4 e6 8.
Nf3 Be7 9. O-O O-O 10. Qd3 Nc6 11. a3 a6 12. Rd1 b5 13. Bb3 Bb7 14. Bg5 Nd5 15.
Bc2 g6 16. Bxe7 Ncxe7 17. Ne4 Nf5 18. Nc5 Qc7 19. g3 Rac8 20. b4 Ba8 21. Qb3
Nf6 22. Bxf5 exf5 23. Ne5 Qd6 24. a4 Ne4 25. axb5 axb5 26. Rxa8 Rxa8 27. Ncd7
Qe6 28. d5 Qd6 29. Nxf8 Qxe5 30. Nd7 Qd6 31. Nc5 Nxc5 32. bxc5 Qxc5 33. d6 Rd8
34. d7 Qc6 35. Qe3 Qe6 36. Qc5 b4 37. Qxb4 Rxd7 38. Re1 Qd6 39. Re8+ Kg7 40.
Qxd6 Rxd6 41. Kg2 Rd7 42. Ra8 Kf6 43. Rh8 h5 44. h4 f4 45. gxf4 Kf5 46. Kg3
Rd3+ 47. f3 Rd1 48. Ra8 Rg1+ 49. Kh2 Rf1 50. Kg3 Rg1+ 1/2-1/2

[Event "DLM 2010"]
[Site "Stuttgart GER"]
[Date "2010.11.17"]
[Round "2"]
[White "Grötzbach, Julian"]
[Black "Holle, Cedric"]
[Result "0-1"]
[Termination "normal"]
[Board "5.4"]
[WhiteElo "1879"]
[BlackElo "1780"]
[WhiteTeam "Hamburg"]
[BlackTeam "Saarland"]
[WhiteFideId "24600938"]
[BlackFideId "24692158"]
[EventCountry "GER"]
[EventRounds "7"]
[EventType "team-swiss"]
[EventDate "2010.11.16"]

1. e4 e6 2. d4 d5 3. Nc3 Be7 4. e5 c5 5. Be3 cxd4 6. Bxd4 Nh6 7. f4 Nc6 8. Bb5
O-O 9. Bf2 Bd7 10. Nf3 Bb4 11. Bxc6 bxc6 12. a3 Bxc3+ 13. bxc3 Qa5 14. Qd2 c5
15. c4 Qxd2+ 16. Nxd2 d4 17. Nb3 Rfc8 18. h3 Rab8 19. Kd2 Ba4 20. Rhb1 Rb6 21.
Ra2 Rcb8 22. Rab2 f6 23. Kc1 Bxb3 24. Rxb3 Nf7 25. exf6 gxf6 26. Bh4 Rxb3 27.
Rxb3 Rxb3 28. cxb3 Kg7 29. b4 Nd6 30. bxc5 Nxc4 31. Kc2 Nxa3+ 32. Kd3 Nb5 33.
Bf2 e5 34. Bg3 exf4 35. Bxf4 Kf7 36. Kc4 a6 37. c6 Ke7 38. Kc5 Kd8 39. Kb6 Kc8
40. Kxa6 Nc3 41. Bd2 Kc7 42. Ka5 Kxc6 43. Kb4 Ne4 44. Kc4 Nxd2+ 45. Kxd4 Kd6
46. Ke3 Nc4+ 47. Kf4 Ke6 48. g4 Nb6 49. g5 f5 50. h4 Nd5+ 51. Kf3 Kf7 52. h5 h6
53. g6+ Kf6 54. Kg3 Ne7 0-1

[Event "DLM 2010"]
[Site "Stuttgart GER"]
[Date "2010.11.17"]
[Round "2"]
[White "Brühan, Caren"]
[Black "Krüger, David"]
[Result "0-1"]
[Termination "normal"]
[Board "5.5"]
[WhiteElo "1683"]
[BlackElo "1696"]
[WhiteTeam "Saarland"]
[BlackTeam "Hamburg"]
[WhiteFideId "24691976"]
[BlackFideId "12921858"]
[EventCountry "GER"]
[EventRounds "7"]
[EventType "team-swiss"]
[EventDate "2010.11.16"]

1. d4 d5 2. Nf3 Nf6 3. e3 c6 4. Bd3 g6 5. c3 Bg7 6. O-O O-O 7. Re1 Re8 8. Nbd2
Nbd7 9. e4 dxe4 10. Nxe4 Nxe4 11. Bxe4 e5 12. dxe5 Nxe5 13. Qxd8 Rxd8 14. Nxe5
Bxe5 15. Bf3 Re8 16. Bf4 f6 17. Bxe5 fxe5 18. Re3 Kf7 19. Rd1 Bf5 20. h3 Kf6
21. g4 Be6 22. a3 Rad8 23. Rdd3 Rxd3 24. Rxd3 e4 25. Bxe4 Bxg4 26. hxg4 Rxe4
27. f3 Re2 28. b4 Ke7 29. Kf1 Rb2 30. c4 Rc2 31. c5 a5 32. Re3+ Kf7 33. Rb3
axb4 34. axb4 Kf6 35. Re3 Rb2 36. Re4 h6 37. f4 h5 38. gxh5 gxh5 39. Rd4 Kf5
40. Rc4 h4 41. Kg1 h3 42. Kh1 h2 43. Rd4 Kg4 44. Rc4 Kg3 0-1

[Event "DLM 2010"]
[Site "Stuttgart GER"]
[Date "2010.11.17"]
[Round "2"]
[White "Lemke, Berfîn"]
[Black "Alt, Elisabeth"]
[Result "1-0"]
[Termination "normal"]
[Board "5.6"]
[WhiteElo "1442"]
[BlackElo "1386"]
[WhiteTeam "Hamburg"]
[BlackTeam "Saarland"]
[WhiteFideId "1270578"]
[BlackFideId "24692620"]
[EventCountry "GER"]
[EventRounds "7"]
[EventType "team-swiss"]
[EventDate "2010.11.16"]

1. e4 c5 2. Nf3 Nc6 3. d4 cxd4 4. Nxd4 g6 5. Be2 Bg7 6. Be3 Nf6 7. Nc3 O-O 8.
O-O Qb6 9. Nb3 Qd8 10. f4 d6 11. Bf3 Bd7 12. Qe1 Rc8 13. Qg3 Ne8 14. f5 Ne5 15.
Bg5 Nxf3+ 16. Rxf3 Nf6 17. Qh4 Bc6 18. Rh3 h5 19. Rg3 Ng4 20. h3 Qb6+ 21. Kh1
Nf2+ 22. Kh2 Be5 23. Bf4 Bf6 24. Qxh5 Nxe4 25. fxg6 fxg6 26. Qxg6+ 1-0

[Event "DLM 2010"]
[Site "Stuttgart GER"]
[Date "2010.11.17"]
[Round "2"]
[White "Müller, Max"]
[Black "Hölzer, Jeanette"]
[Result "1/2-1/2"]
[Termination "normal"]
[Board "5.7"]
[WhiteElo "1298"]
[BlackElo "1371"]
[WhiteTeam "Saarland"]
[BlackTeam "Hamburg"]
[WhiteFideId "12900486"]
[BlackFideId "12917982"]
[EventCountry "GER"]
[EventRounds "7"]
[EventType "team-swiss"]
[EventDate "2010.11.16"]

1. e4 e5 2. Nf3 Nc6 3. Bb5 a6 4. Ba4 Nf6 5. O-O b5 6. Bb3 Be7 7. Re1 O-O 8. c3
d5 9. exd5 Nxd5 10. Nxe5 Nxe5 11. Rxe5 c6 12. d4 Bd6 13. Re1 Qh4 14. g3 Qh3 15.
Qf3 Bg4 16. Qg2 Qh5 17. Bxd5 cxd5 18. Be3 Bf3 19. Qf1 f5 20. Nd2 Bg4 21. f4 h6
22. Qg2 Qf7 23. Nf3 Bxf3 24. Qxf3 Kh7 25. Re2 Rac8 26. Bd2 a5 27. Rae1 Rc7 28.
Re6 Rd7 29. a3 a4 30. Qd3 Rb8 31. Qe2 Rbb7 32. Qf1 Rb8 33. R1e3 Rbb7 34. Re1
Rb6 1/2-1/2

[Event "DLM 2010"]
[Site "Stuttgart GER"]
[Date "2010.11.17"]
[Round "2"]
[White "Ludwig, Maria"]
[Black "Müller, Sophie"]
[Result "0-1"]
[Termination "normal"]
[Board "5.8"]
[WhiteElo "1027"]
[BlackElo "1168"]
[WhiteTeam "Hamburg"]
[BlackTeam "Saarland"]
[WhiteFideId "24655791"]
[BlackFideId "12926698"]
[EventCountry "GER"]
[EventRounds "7"]
[EventType "team-swiss"]
[EventDate "2010.11.16"]

1. f4 Nf6 2. Nf3 g6 3. b3 Bg7 4. Bb2 O-O 5. e3 d6 6. d3 Bg4 7. Nbd2 Nbd7 8. Be2
Re8 9. O-O e5 10. fxe5 dxe5 11. e4 c6 12. Nc4 Bxf3 13. Bxf3 b5 14. Ne3 Qb6 15.
Re1 Bh6 16. d4 exd4 17. Bxd4 c5 18. Bxf6 Nxf6 19. e5 Rxe5 20. Bxa8 Bxe3+ 21.
Kh1 h5 22. Qf3 Ng4 23. h3 Nf2+ 24. Kh2 Qc7 25. g3 Qc8 26. Rxe3 Qxh3+ 27. Kg1
Rxe3 28. Qxe3 Ng4 29. Qe2 Qxg3+ 30. Qg2 Qe3+ 31. Kf1 Qf4+ 32. Kg1 Qd4+ 33. Kh1
Qxa1+ 34. Qg1 Qxg1+ 35. Kxg1 Kg7 36. Kg2 Ne3+ 37. Kf3 Nxc2 38. Ke4 c4 0-1

[Event "DLM 2010"]
[Site "Stuttgart GER"]
[Date "2010.11.19"]
[Round "4"]
[White "Geske, Julian"]
[Black "Pogan, Nikolas"]
[Result "1/2-1/2"]
[Termination "normal"]
[Board "1.2"]
[WhiteTitle "FM"]
[WhiteElo "2364"]
[BlackElo "2150"]
[WhiteTeam "Hessen 1"]
[BlackTeam "Württemberg 1"]
[WhiteFideId "24605263"]
[BlackFideId "24673579"]
[EventCountry "GER"]
[EventRounds "7"]
[EventType "team-swiss"]
[EventDate "2010.11.16"]

1. e4 d6 2. d4 Nf6 3. Nc3 e5 4. Nf3 Nbd7 5. Bc4 Be7 6. O-O O-O 7. Re1 c6 8. a4
a5 9. b3 exd4 10. Nxd4 Nb6 11. Bd3 d5 12. e5 Ne8 13. Nf5 Bxf5 14. Bxf5 g6 15.
Bh3 Ng7 16. Qd3 Nd7 17. Bh6 Nc5 18. Qg3 Nce6 19. Ne2 Bg5 20. Bxg7 Nxg7 21. Rad1
Qe7 22. Nd4 Rae8 23. Qc3 Qb4 24. Qxb4 axb4 25. g3 Ne6 1/2-1/2

[Event "DLM 2010"]
[Site "Stuttgart GER"]
[Date "2010.11.19"]
[Round "4"]
[White "Schröder, Jan-Christian"]
[Black "Erben, Larissa"]
[Result "1-0"]
[Termination "normal"]
[Board "1.4"]
[WhiteElo "2108"]
[BlackElo "2092"]
[WhiteTeam "Hessen 1"]
[BlackTeam "Württemberg 1"]
[WhiteFideId "24662259"]
[BlackFideId "24634590"]
[EventCountry "GER"]
[EventRounds "7"]
[EventType "team-swiss"]
[EventDate "2010.11.16"]

1. e4 c5 2. Nf3 e6 3. d4 cxd4 4. Nxd4 Nc6 5. Nc3 Qc7 6. Nb3 a6 7. Bd3 Nf6 8.
O-O b5 9. f4 d6 10. Qf3 Bb7 11. Qg3 Be7 12. Bd2 O-O 13. Rae1 b4 14. Ne2 e5 15.
fxe5 dxe5 16. Kh1 Rad8 17. Bh6 Ne8 18. Be3 Rd6 19. Nc5 Rg6 20. Qf2 Bc8 21. Nxa6
Bxa6 22. Bxa6 Qa5 23. Bc4 Nf6 24. Bb6 Qa4 25. Ng3 Ng4 26. Bxf7+ Kh8 27. Qe2
Nxh2 28. Kxh2 Rh6+ 29. Kg1 Nd4 30. Bxd4 exd4 31. Bc4 Qa7 32. Rxf8+ Bxf8 33. Bd3
Qc7 34. e5 Bc5 35. Qf3 Qd8 36. e6 Qh4 37. Qa8+ 1-0